Rozvoj cestovného ruchu v regióne Turiec diplomová práca

Enregistré dans:
Détails bibliographiques
Auteur principal: Rudzan, Maroš
Collectivité auteur: Obchodná fakulta EU. Katedra služieb a cestovného ruchu - zrušené
Autres auteurs: Sniščák, Vincent
Format: Livre
Langue:slovaque
Publié: Bratislava 2008
Tags: Ajouter un tag
Pas de tags, Soyez le premier à ajouter un tag!

MARC

LEADER 00000nam$a2200000$$$4500
001 0088013
005 20240201120311.4
041 0 |a slo 
044 |a SK 
245 1 0 |a Rozvoj cestovného ruchu v regióne Turiec  |b diplomová práca  |c Maroš Rudzan ; škol. Vincent Sniščák 
264 1 |a Bratislava  |c 2008 
300 |a 92 s. 
100 1 |a Rudzan, Maroš 
700 1 |a Sniščák, Vincent 
710 2 |a Obchodná fakulta EU. Katedra služieb a cestovného ruchu - zrušené